000 00770aam a2200289 i 4500
001 768714001
003 CO-MdFUSB
005 20250514111038.0
007 ta
008 250514t1973 -us |||| |||| 00| 0 eng d
040 _cCO-MdFUSB
041 0 _aeng
082 0 4 _223
_a248
_bP366w
100 1 _aPeck, Ira
_eautor
245 1 0 _aThe life and words of St. Francis of Assisi
_c/ Ira Peck
264 1 _bScholastic Book Services,
_aNew York, USA :
_c[1973]
264 4 _c©1973
300 _a160 Páginas
336 _atexto
_btxt
_2rdacontent
337 _2rdamedia
_asin mediación
_bn
338 _2rdacarrier
_avolumen
_bnc
563 _aRústico
650 0 _aBiografías cristianas
_91238
942 _cBK
945 _aJTF-925
999 _c35577
_d35577